Joy. - RAYE (Lyrics) - Statistics

General Stats
  • This quiz has been taken 9 times
  • The average score is 491 of 550
Answer Stats
Answer % Correct
a
100%
and
100%
be
100%
hear
100%
I
100%
(I
100%
I'm
100%
in
100%
it
100%
it,
100%
It
100%
It's
100%
joy
100%
Joy,
100%
joy,
100%
(joy)
100%
Joy
100%
me
100%
me,
100%
me)
100%
my
100%
My
100%
my,
100%
of
100%
oh,
100%
Oh,
100%
the
100%
there
100%
there,
100%
there)
100%
to
100%
when
100%
When
100%
will
100%
will)
100%
with
100%
you,
100%
you
100%
You
100%
your
100%
Your
100%
all
86%
(all
86%
All
86%
alone
86%
Any
86%
are
86%
asleep
86%
away
86%
away)
86%
been
86%
bury
86%
but
86%
But
86%
chain
86%
comes
86%
cry
86%
declare
86%
decree
86%
don't
86%
dreams
86%
ears
86%
evil
86%
fall
86%
feeling
86%
for
86%
free
86%
Free
86%
go
86%
has
86%
here
86%
Here
86%
(here
86%
holding
86%
inside
86%
kill
86%
know
86%
leave
86%
let
86%
Let
86%
letting
86%
life
86%
light
86%
listen
86%
may
86%
morning
86%
morning,
86%
must
86%
night,
86%
night
86%
not
86%
now,
86%
out
86%
over
86%
praying
86%
rebuke
86%
said,
86%
Said,
86%
said)
86%
see
86%
(see
86%
set
86%
sing
86%
sister
86%
someone
86%
tend
86%
that
86%
there's
86%
There's
86%
through
86%
today
86%
tongue
86%
usually
86%
wash
86%
(wash
86%
welcome
86%
whispers
86%
who's
86%
am
71%
Building
71%
Cover
71%
every
71%
Father
71%
fear
71%
gets
71%
grip
71%
hands
71%
hard
71%
Heaven
71%
Lose
71%
low
71%
mind
71%
on
71%
say)
71%
spirit
71%
'Stead,
71%
these
71%
up
71%
want
71%
war
71%
what
71%
you're
71%
ahh)
57%
burdens
57%
can't
57%
clap
57%
disappear
57%
hide
57%
made
57%
pain
57%
sadness
57%
somebody
57%
sorrows
57%
supernatural
57%
Though
57%
endure
43%
feathers,
43%
Shelter
43%
This
43%
wings
43%
help
29%
more
29%
Ohh,
29%
need
14%
She'll
0%
No matching quizzes found
Score Distribution
Percent of People with Each Score
Percentile by Number Answered
Your Score History
You have not taken this quiz